Правоведение (основы законодательства в строительстве) учебное пособие
В настоящем учебном пособии рассматриваются основы теории государства и права в сфере строительства, законодательство и правоотношения в сфере строительства, право собственности, договоры, трудовые отношения и юридическая ответственность в сфере строительства. Учебное пособие предназначено для студе...
Salvato in:
| Autore principale: | |
|---|---|
| Altri autori: | |
| Natura: | Книга |
| Lingua: | Russian |
| Pubblicazione: |
Санкт-Петербург
ПГУПС
2015
|
| Accesso online: | http://e.lanbook.com/books/element.php?pl1_id=66392 https://e.lanbook.com/img/cover/book/66392.jpg |
| Tags: |
Aggiungi Tag
Nessun Tag, puoi essere il primo ad aggiungerne! !
|
| LEADER | 01900nam0a2200277 i 4500 | ||
|---|---|---|---|
| 001 | 66392 | ||
| 003 | RuSpLAN | ||
| 005 | 20221220173940.0 | ||
| 008 | 221220s2015 ru gs 000 0 rus | ||
| 020 | |a 978-5-7641-0750-9 | ||
| 040 | |a RuSpLAN | ||
| 041 | 0 | |a rus | |
| 044 | |a ru | ||
| 080 | |a 336.76 | ||
| 084 | |a 54.262 |2 rubbk | ||
| 245 | 0 | 0 | |a Правоведение (основы законодательства в строительстве) |b учебное пособие |c Дроздова М. А.,Корбанкова Н. В. |
| 260 | |a Санкт-Петербург |b ПГУПС |c 2015 | ||
| 300 | |a 50 с. | ||
| 504 | |a Библиогр.: доступна в карточке книги, на сайте ЭБС Лань | ||
| 520 | 8 | |a В настоящем учебном пособии рассматриваются основы теории государства и права в сфере строительства, законодательство и правоотношения в сфере строительства, право собственности, договоры, трудовые отношения и юридическая ответственность в сфере строительства. Учебное пособие предназначено для студентов очного и заочного отделения, обучающихся по направлению «Строительство», а также для самостоятельно изучающих право | |
| 521 | 8 | |a Книга из коллекции ПГУПС - Инженерно-технические науки | |
| 100 | 1 | |a Дроздова М. А. | |
| 700 | 1 | |a Корбанкова Н. В. | |
| 856 | 4 | |u http://e.lanbook.com/books/element.php?pl1_id=66392 | |
| 856 | 4 | 8 | |u https://e.lanbook.com/img/cover/book/66392.jpg |
| 953 | |a https://e.lanbook.com/img/cover/book/66392.jpg | ||